Futuristic vision in H.G. Wells; the time machine / (Record no. 20395)

MARC details
000 -LEADER
fixed length control field 00886nam a22002297a 4500
008 - FIXED-LENGTH DATA ELEMENTS--GENERAL INFORMATION
fixed length control field 081230t xxu||||| |||| 00| 0 eng d
010 ## - LCCN (DPL NO)
LC control number ENG-92311
020 ## - INTERNATIONAL STANDARD BOOK NUMBER
Terms of availability 140.00
International Standard Book Number 9788170756372
035 ## - SYSTEM CONTROL NUMBER
System control number EN-75844
037 ## - SOURCE OF ACQUISITION
Source of stock number/acquisition DBAD / PUB
040 ## - CATALOGING SOURCE
Original cataloging agency dpl
Language of cataloging English
082 ## - DEWEY DECIMAL CLASSIFICATION NUMBER
Classification number 883.08
100 ## - MAIN ENTRY--PERSONAL NAME
Personal name Bindhu, P.
245 ## - TITLE STATEMENT
Title Futuristic vision in H.G. Wells; the time machine /
Statement of responsibility, etc by P. Bindhu
260 ## - PUBLICATION, DISTRIBUTION, ETC. (IMPRINT)
Place of publication, distribution, etc Tamil Nadu
Name of publisher, distributor, etc Kamaraj Publication
Date of publication, distribution, etc 2008
300 ## - PHYSICAL DESCRIPTION
Extent 80p.
Dimensions 20cm (pbk)
600 ## - SUBJECT ADDED ENTRY--PERSONAL NAME
Personal name Wells, H. G.(Herbert George), 1866-1946
General subdivision Criticism and interpretation.
650 ## - SUBJECT ADDED ENTRY--TOPICAL TERM
Source of heading or term Time travel
General subdivision fiction.
650 ## - SUBJECT ADDED ENTRY--TOPICAL TERM
Source of heading or term Science fiction, English
General subdivision fiction.
942 ## - ADDED ENTRY ELEMENTS (KOHA)
Source of classification or shelving scheme Dewey Decimal Classification
Item type English Books
Call number suffix BIN
Classification part 883.08
Holdings
Withdrawn status Lost status Source of classification or shelving scheme Damaged status Not for loan Collection code Home library Current library Date acquired Source of acquisition Cost, normal purchase price Total Checkouts Full call number Barcode Date last seen Copy number Cost, replacement price Koha item type
    Dewey Decimal Classification   Not For Loan Non-fiction D.B.Act.Division D.B.Act.Division 30/12/2008 DBAD / PUB 140.00   883.08 BIN EN-75844 30/12/2008 1 140.00 English Books

© Delhi Public Library
Hit Counter
free hit counter